<?xml version="1.0" encoding="UTF-8"?><?xml-stylesheet type="text/xsl" href="static/style.xsl"?><OAI-PMH xmlns="http://www.openarchives.org/OAI/2.0/" xmlns:xsi="http://www.w3.org/2001/XMLSchema-instance" xsi:schemaLocation="http://www.openarchives.org/OAI/2.0/ http://www.openarchives.org/OAI/2.0/OAI-PMH.xsd"><responseDate>2026-04-14T03:56:49Z</responseDate><request verb="GetRecord" identifier="oai:www.recercat.cat:20.500.12327/2634" metadataPrefix="marc">https://recercat.cat/oai/request</request><GetRecord><record><header><identifier>oai:recercat.cat:20.500.12327/2634</identifier><datestamp>2025-10-22T11:21:31Z</datestamp><setSpec>com_2072_4428</setSpec><setSpec>com_2072_4427</setSpec><setSpec>col_2072_487898</setSpec></header><metadata><record xmlns="http://www.loc.gov/MARC21/slim" xmlns:dcterms="http://purl.org/dc/terms/" xmlns:xsi="http://www.w3.org/2001/XMLSchema-instance" xmlns:doc="http://www.lyncode.com/xoai" xsi:schemaLocation="http://www.loc.gov/MARC21/slim http://www.loc.gov/standards/marcxml/schema/MARC21slim.xsd">
   <leader>00925njm 22002777a 4500</leader>
   <datafield ind2=" " ind1=" " tag="042">
      <subfield code="a">dc</subfield>
   </datafield>
   <datafield ind2=" " ind1=" " tag="720">
      <subfield code="a">Andaleeb, Rani</subfield>
      <subfield code="e">author</subfield>
   </datafield>
   <datafield ind2=" " ind1=" " tag="720">
      <subfield code="a">Yiwen, Zhu</subfield>
      <subfield code="e">author</subfield>
   </datafield>
   <datafield ind2=" " ind1=" " tag="720">
      <subfield code="a">Zhang, Ninglong</subfield>
      <subfield code="e">author</subfield>
   </datafield>
   <datafield ind2=" " ind1=" " tag="720">
      <subfield code="a">Zhang, Danni</subfield>
      <subfield code="e">author</subfield>
   </datafield>
   <datafield ind2=" " ind1=" " tag="720">
      <subfield code="a">Hussain, Muzahir</subfield>
      <subfield code="e">author</subfield>
   </datafield>
   <datafield ind2=" " ind1=" " tag="720">
      <subfield code="a">Zhang, Yin</subfield>
      <subfield code="e">author</subfield>
   </datafield>
   <datafield ind2=" " ind1=" " tag="720">
      <subfield code="a">Lu, Yingshuang</subfield>
      <subfield code="e">author</subfield>
   </datafield>
   <datafield ind2=" " ind1=" " tag="720">
      <subfield code="a">Liu, Yuan</subfield>
      <subfield code="e">author</subfield>
   </datafield>
   <datafield ind2=" " ind1=" " tag="260">
      <subfield code="c">2023-06-01</subfield>
   </datafield>
   <datafield ind2=" " ind1=" " tag="520">
      <subfield code="a">In this study, umami taste intensity (UTI) and umami taste components in chicken breast (CB) and&#xd;
chicken-spices blends were characterized using sensory and instrumental analysis. Our main objective was to assess&#xd;
the aroma-umami taste interactions in different food matrices and reconcile the aroma-taste perception to assist future&#xd;
product development. The impact of key aroma, including vegetable-note “2-pentylfuran”, meaty “methional”, green&#xd;
“hexanal”, and spicy-note “estragole and caryophyllene” on UTI was evaluated in MSG and chicken extract. We&#xd;
found that spices significantly decreased UTI and umami taste components in CB. Interestingly, the perceptually&#xd;
similar odorants and tastantsexhibited the potential to enhance UTI in food matrices. Methional was able to increase&#xd;
the UTI, whereas spicy and green-note components could reduce the UTI significantly. This information would be&#xd;
valuable to food engineers and formulators in aroma selection to control the UTI perceived by consumers, thus,&#xd;
improving the quality and acceptability of the chicken products.</subfield>
   </datafield>
   <datafield ind1="8" ind2=" " tag="024">
      <subfield code="a">Rani Andaleeb, Zhu, Y., Zhang, N., Zhang, D., Hussain, M., Zhang, Y., Lu, Y., &amp; Liu, Y. (2023). Umami taste components in chicken-spices blends and potential effect of aroma on umami taste intensity. Food Science and Human Wellness. https://doi.org/10.26599/fshw.2022.9250102  ‌</subfield>
   </datafield>
   <datafield ind1="8" ind2=" " tag="024">
      <subfield code="a">2097-0765</subfield>
   </datafield>
   <datafield ind1="8" ind2=" " tag="024">
      <subfield code="a">http://hdl.handle.net/20.500.12327/2634</subfield>
   </datafield>
   <datafield ind1="8" ind2=" " tag="024">
      <subfield code="a">https://doi.org/10.26599/FSHW.2022.9250102</subfield>
   </datafield>
   <datafield ind2="0" ind1="0" tag="245">
      <subfield code="a">Umami taste components in chicken-spices blends and potential effect of aroma on umami taste intensity</subfield>
   </datafield>
</record></metadata></record></GetRecord></OAI-PMH>